000
00318nam a2200133Ia 4500
008
260604s9999 xx 000 0 und d
020
_a
9781032161723
082
_a
302 HAM
100
_a
HAMILTON [CHERYL]
_9
35497
245
0
_a
COMMUNICATING FOR SUCCESS
260
_b
ROUTLEDGE
500
_a
Communication
942
_c
BK
999
_c
8318
_d
8318